[Event "Lozovatsky Memorial-A 2020"]
[Site "Chelyabinsk"]
[Date "2020.01.16"]
[Round "2.4"]
[White "Korneev, Oleg"]
[Black "Harutjunyan, Gevorg"]
[Result "1-0"]
[WhiteElo "2513"]
[BlackElo "2444"]
[Annotator "TA"]
[PlyCount "123"]
[EventDate "2020.01.15"]
[EventType "tourn"]
[EventCountry "RUS"]
[SourceTitle "playchess.com"]
[Source "ChessBase"]
[SourceQuality "1"]

{[%evp 26,123,50,77,127,104,119,110,100,-210,154,104,106,104,448,437,712,433,1000,978,1240,1250,1241,1211,1211,1210,1103,601,546,22,13,7,7,10,114,0,0,0,0,0,0,-139,0,0,0,0,0,0,0,0,0,0,129,120,106,112,95,95,95,91,115,106,101,108,137,100,116,101,96,51,105,27,350,331,238,175,180,179,224,224,444,431,443,435,5181,5120,1072,856,1024,1024,5289,843,984,775,29983,29984,29984,29985,29987,29988]} 1. e4 c5 2. Nf3 Nc6 3. d4 cxd4 4. Nxd4 Nf6 5. Nc3 e5 6. Ndb5 d6 7. Bg5 a6 8. Na3 b5 9. Nd5 Qa5+ 10. Bd2 Qd8 11. c4 Nxe4 12. cxb5 Be6 13. Bc4 Ne7 14. Be3 {Strongly threatening Bb6.} Rc8 {B33: Sicilian: Pelikan and Sveshnikov Variations} 15. Bb6 (15. Nb6 d5 16. Qa4 dxc4 17. Rd1 Nd5 18. bxa6+ Bd7 19. Nxd7 Bb4+ 20. Kf1 Qxd7 21. Qxd7+ Kxd7 22. Rxd5+ {½-½ (61) Dominguez Perez,L (2612)-Radjabov,T (2670) Tripoli 2004}) 15... Qd7 {And now ...Rxc4! would win.} 16. bxa6 Rxc4 {White is better.} 17. Nxc4 $4 {[%mdl 8192]} (17. a7 $16 {is forced if you want to stay better.} Bxd5 18. Nxc4) 17... Bxd5 $2 (17... Nxd5 $19 18. O-O Be7) 18. a7 Ba8 19. f3 Qc6 $146 {[%mdl 8192]} (19... d5 $16 {is more resistant.}) ({Predecessor:} 19... d5 20. Nxe5 Qb5 21. Qb3 Qxb3 22. axb3 {1-0 (40) Saulin,D (2434)-Danin,A (2465) Oberhausen 2009}) 20. Rc1 $18 Nd5 (20... g6 $142 21. fxe4 Qxe4+ 22. Qe2 Qxe2+ 23. Kxe2 Nd5 24. Nxd6+ Ke7 25. Nc8+ Ke6) 21. Qb3 ({Worse is} 21. Nxd6+ Qxd6 22. Rc8+ Ke7 $15) 21... Nf4 (21... Nef6 $142 22. Nxd6+ {[%mdl 64] Discovered Attack, Deflection} Qxd6 23. Rc8+ {[%mdl 64] Double Attack} Kd7 24. Rd8+ {[%mdl 64] Skewer} Kc6) 22. fxe4 Ke7 23. O-O Ne2+ 24. Kh1 Nxc1 25. Rxc1 g6 26. Re1 Bh6 {If Black can now play ...Rc8 this consolidates a bit.} 27. Be3 $2 (27. Ba5 $18) 27... Bxe3 $11 28. Nxe3 {Hoping for Rf1.} Qxe4 29. Rc1 {Rc7+ is the strong threat.} Rf8 (29... Rd8 $1 $11) 30. Qb6 ({White should play} 30. h3 $16) 30... Rd8 31. h3 Rd7 32. Rc7 f5 {White must now prevent ...f4.} 33. Rc4 {[#]} (33. Qb8 $1 $11) 33... Qb1+ ({Better is} 33... Qb7 $1 $17 {[%cal Rb7b6]} 34. Qxb7 Rxb7 35. Nd5+ Kd7) 34. Kh2 {Threatens to win with Qb8.} f4 35. Qb8 $36 {[%mdl 2048] White has some pressure.} fxe3 36. Qxa8 {[%mdl 4096] Endgame KQR-KQR} e2 37. Re4 Qxa2 38. Qh8 Qxa7 (38... Rxa7 $11 {remains equal.} 39. Qxh7+ Qf7 40. Qh4+ Kd7) 39. Qxh7+ $16 Kf6 40. Qh8+ Rg7 41. Qf8+ Ke6 42. Rxe2 Qf7 43. Qc8+ Qd7 {[#]} 44. Qc4+ $1 Ke7 45. Qh4+ Kf7 46. b4 Kg8 47. Qe4 {aiming for Ra2.} Kh7 (47... Qb7 $1 $14) 48. Rf2 (48. Rd2 $16) 48... Re7 $2 {[%mdl 8192]} (48... Rf7 $11 {and Black stays safe.}) 49. Rf6 $18 ({Less strong is} 49. Qh4+ Kg7 $16) 49... Rg7 50. Qd5 Qe7 51. Rxd6 e4 52. b5 {[%cal Bb4b5,Bb5b6][%mdl 32]} e3 $2 (52... Qh4 {keeps fighting.} 53. g3 Qe7) 53. Re6 Qc7+ 54. Qe5 Qc4 (54... Qxe5+ $142 55. Rxe5 Rb7) 55. b6 e2 56. Qxe2 Qf4+ 57. g3 Qf8 58. Re8 (58. Re4 $142 Rf7 59. Rh4+ Kg8 60. Qe6) 58... Qc5 59. Re4 Rb7 60. Rh4+ {White mates.} Kg8 61. Qa2+ Kg7 62. Qb2+ {Accuracy: White = 56%, Black = 23%.} 1-0

[Event "Lozovatsky Memorial-A 2020"]
[Site "Chelyabinsk"]
[Date "2020.01.16"]
[Round "2.5"]
[White "Radzhabov, Rodion"]
[Black "Bezgodov, Alexei"]
[Result "1/2-1/2"]
[WhiteElo "2381"]
[BlackElo "2456"]
[Annotator "TA"]
[PlyCount "45"]
[EventDate "2020.01.15"]
[EventType "tourn"]
[EventCountry "RUS"]
[SourceTitle "playchess.com"]
[Source "ChessBase"]
[SourceQuality "1"]

{[%evp 9,45,25,30,21,29,18,37,12,20,12,15,14,20,3,20,21,23,27,54,44,32,33,47,41,46,41,78,49,53,24,22,17,17,20,30,22,16,0]} 1. Nf3 d5 2. g3 Nd7 3. d4 Nb6 4. Bg2 Bf5 5. O-O e6 6. Nbd2 {D02: 1 d4 d5 2 Nf3 sidelines, including 2...Nf6 3 g3 and 2...Nf6 3 Bf4} (6. Ne5 c6 7. c4 f6 8. cxd5 fxe5 9. dxc6 e4 10. cxb7 Rb8 11. Nc3 {0-1 (89) Karjakin,S (2760)-Alekseenko,K (2674) Douglas 2019}) 6... Nf6 7. c4 Be7 8. b3 {White is slightly better.} h6 $146 ({Predecessor:} 8... Ne4 9. Bb2 O-O 10. Rc1 c6 11. Ne5 Nxd2 12. Qxd2 {½-½ (27) Moranda,W (2588)-Jaracz,P (2508) Poland 2015}) 9. Bb2 O-O 10. Ne5 c6 11. a3 Qc7 12. e3 Rad8 13. b4 Nxc4 14. Ndxc4 dxc4 15. Nxc4 Be4 16. f3 Bh7 17. Qb3 Nd7 18. Rac1 Nb6 19. Ne5 Nd7 20. Nxd7 Rxd7 21. f4 Qb6 22. Qc4 a6 23. Rfd1 {Accuracy: White = 38%, Black = 53%.} 1/2-1/2

[Event "Lozovatsky Memorial-A 2020"]
[Site "Chelyabinsk"]
[Date "2020.01.17"]
[Round "3.1"]
[White "Bezgodov, Alexei"]
[Black "Drygalov, Andrey"]
[Result "1/2-1/2"]
[WhiteElo "2456"]
[BlackElo "2492"]
[Annotator "TA"]
[PlyCount "142"]
[EventDate "2020.01.15"]
[EventType "tourn"]
[EventCountry "RUS"]
[SourceTitle "playchess.com"]
[Source "ChessBase"]
[SourceQuality "1"]

{[%evp 16,141,0,0,26,17,8,0,22,19,28,4,45,22,30,12,46,12,18,-30,-11,-41,-29,-43,-41,-13,-37,-117,-114,-167,-160,-166,-118,-131,-144,-165,-133,-317,-305,-289,-209,-207,-193,-226,-214,-252,0,-242,-243,-300,-279,-304,-303,-308,-308,-304,-309,-308,-308,-306,-291,-300,-141,-156,0,-286,-295,-295,-157,-170,0,-272,-70,-70,-70,-70,-69,-69,-69,-69,-69,-69,-69,-69,0,-63,0,-69,-68,-68,-71,-71,-44,-232,-102,-122,-70,-92,-56,-72,-72,-72,-72,-72,-8,-8,-8,-8,-8,-70,-70,-78,-55,-82,-8,-64,0,0,0,0,0,0,0,0,0,0,18,0]} 1. e4 c5 2. Nf3 d6 3. d4 cxd4 4. Nxd4 Nf6 5. Nc3 a6 6. Bg5 e6 7. f4 h6 8. Bh4 Qb6 9. a3 Be7 {B96: Sicilian Najdorf: 6 Bg5 e6 7 f4, lines other than 7...Qb6 and 7...Be7} 10. Bf2 Qc7 11. Be2 (11. Qf3 Nbd7 12. O-O-O b5 13. g4 Bb7 14. h4 Nc5 15. Bd3 d5 16. e5 Nfe4 17. Be1 {1-0 (45) Wei,Y (2737)-Lu,S (2619) Changsha 2019}) 11... b5 12. Bf3 {Hoping for e5.} Bb7 13. Qe2 Nbd7 14. O-O-O Rc8 15. Kb1 Nc5 16. e5 $146 ({Predecessor:} 16. g4 Nfd7 17. h4 {1-0 (54) Binas,J (2115)-Skalicky,T (2101) ICCF email 2014}) 16... dxe5 17. fxe5 Nfd7 18. Bxb7 Qxb7 19. b4 Na4 20. Nxa4 bxa4 21. Rd3 (21. c4 $15) 21... O-O $17 (21... Qxg2 22. Rhd1 $14) 22. Rhd1 (22. Qf3 $17 Qc7 23. Nc6 Nxe5 24. Nxe5 Qxe5 25. Bd4) 22... Nb6 $19 23. Ka1 Qc7 (23... Qxg2 24. Rg1 $18) 24. Be1 Nd5 25. Bd2 Bg5 26. Bxg5 $2 (26. Rc1 $17) 26... hxg5 27. Qd2 Qxe5 28. c3 Qf4 (28... Qxh2 29. Rh3 $17) 29. Ne2 {[#]} Qxd2 $1 (29... Qxh2 30. Qxg5 f6 31. Qg4 $17) 30. R3xd2 Nb6 $2 (30... Nxc3 31. Nxc3 Rxc3 32. Kb2 $19) (30... Ne3 $19 31. Rc1 e5) 31. Rd4 $2 (31. Rd6 $11 Nc4 32. Rxa6) 31... Nc4 32. Ka2 e5 33. Rd7 f5 34. Ng3 g6 35. Ra7 Rfd8 36. Rxd8+ Rxd8 37. Rxa6 {[%mdl 4096] Endgame KRN-KRN} Rd2+ {[%mdl 64] Double Attack} 38. Ka1 Rd1+ (38... Nxa3 39. Rxa4 Nc2+ 40. Kb1 $15) (38... Rxg2 $19 {And now ...Kf7 would win.} 39. b5 Kf7 40. Ra7+ Ke6) 39. Ka2 $17 Rd2+ (39... Kf7 $17 40. Rxa4 Rg1) 40. Ka1 $19 Rxg2 41. b5 Rg1+ ({Don't do} 41... Rxh2 42. Rxg6+ Kf7 43. Ra6 $19) (41... Kf7 $19 42. Rxa4 Nd6) 42. Ka2 $17 Rg2+ (42... Kf7 $142 43. Rxa4 Nd6) 43. Ka1 $1 $19 Rc2 $2 ({Inferior is} 43... Nxa3 44. b6 $11) (43... Rxh2 $19 44. Rxa4 Nd6) 44. Rxg6+ $15 Kf7 45. Rc6 Rc1+ (45... Nxa3 46. b6 $11) 46. Ka2 Rxc3 47. Nxf5 Rxa3+ 48. Kb1 Rb3+ 49. Ka2 $1 Ra3+ 50. Kb1 Rb3+ 51. Ka2 $1 Ne3 52. Nd6+ $1 Ke7 {Strongly threatening ...Nd5.} 53. Ne4 Nd5 54. Ka1 $2 {[#]} (54. Rc5 $15 Nb4+ 55. Ka1) 54... Rxb5 (54... Ra3+ $1 $19 {has better winning chances.} 55. Kb1 Re3) 55. Nxg5 $17 Kd7 (55... Nb4 $17 56. Rc1 Kf6) 56. Rc4 $15 Nb6 57. Re4 Ke7 58. h4 Kf6 59. Re1 Rb4 (59... Nc4 $17 {White must now prevent ...Kf5.} 60. Ne4+ Kf5) 60. Ne4+ $1 $11 Kf5 61. h5 Nc4 {White should prevent ...Rb8.} 62. Nc5 ({Better is} 62. h6 $11) 62... Rb5 $1 $15 {[%cal Rb5c5]} 63. Ne4 Rb6 64. Re2 Kf4 (64... Rb3 $17 {Threatening ...Ra3+.} 65. Nc5 Rh3 66. Nxa4 Rh1+ 67. Ka2 Rxh5) 65. Nc3 ({White should try} 65. Nc5 $11) 65... Kf3 (65... Kg5 $15) 66. Re4 $1 $11 {The position is equal.} Rc6 {aiming for ...Nd2.} 67. h6 Nd6 68. h7 Nxe4 69. h8=Q Rxc3 70. Qxe5 a3 71. Qxc3+ Nxc3 {Accuracy: White = 55%, Black = 47%.} 1/2-1/2

[Event "Lozovatsky Memorial-A 2020"]
[Site "Chelyabinsk"]
[Date "2020.01.17"]
[Round "3.2"]
[White "Harutjunyan, Gevorg"]
[Black "Radzhabov, Rodion"]
[Result "1-0"]
[WhiteElo "2444"]
[BlackElo "2381"]
[Annotator "TA"]
[PlyCount "79"]
[EventDate "2020.01.15"]
[EventType "tourn"]
[EventCountry "RUS"]
[SourceTitle "playchess.com"]
[Source "ChessBase"]
[SourceQuality "1"]

{[%evp 14,79,25,25,34,27,16,24,32,-4,0,0,83,81,81,81,92,81,87,82,87,80,86,47,65,52,87,85,85,74,101,88,70,72,107,67,87,95,99,68,88,88,96,82,162,157,127,106,232,232,225,225,309,229,557,557,557,557,547,547,547,547,547,539,539,539,664,542]} 1. e4 c5 2. Nf3 e6 3. d4 cxd4 4. Nxd4 Nc6 5. Nc3 Qc7 6. Be3 a6 7. a3 {[%cal Ba2a3,Ba3a4][%mdl 32]} b5 8. Nxc6 Qxc6 {B48: Sicilian: Taimanov: 5 Nc3 Qc7 6 Be3 a6 without Be2} (8... dxc6 9. Qg4 Nf6 10. Qg3 Qxg3 11. hxg3 Bd6 12. O-O-O Bb8 13. Be2 e5 14. f3 Ba7 15. Bxa7 Rxa7 16. g4 Rd7 17. Rde1 Rd6 18. Nd1 O-O 19. g5 Nd7 20. Rh5 g6 21. Rh4 f6 22. gxf6 {½-½ (22) Lupulescu,C (2643)-Istratescu,A (2564) Bucharest 2019}) 9. Qd4 Bb7 10. Bd3 Rc8 {White has an edge.} 11. a4 {[%cal Ra4b5]} b4 12. Na2 Nf6 $146 (12... Qc7 $11) ({Predecessor:} 12... Qxa4 13. b3 Qa5 14. Bd2 Qh5 15. Nxb4 Qg6 16. O-O {½-½ (29) Soldini,P (1016)-Wajnberg,P (1801) IECG email 2000}) 13. Nxb4 $16 Bxb4+ 14. Qxb4 Nxe4 15. f3 Nf6 16. c4 d6 17. O-O O-O 18. Qa5 e5 19. b4 e4 20. fxe4 Nxe4 {[#] aiming for ...Nc5!} 21. b5 axb5 22. axb5 Qd7 23. Qb6 Ra8 24. Qd4 Rfe8 25. Rxa8 Bxa8 26. Ra1 {[#] Black must now prevent Rxa8!} Nc5 27. Bf1 {Strongly threatening Bf4.} Qe6 {Black wants to play ...Nb3.} 28. Ra3 $40 {[%mdl 128] White attacks with force.} h6 (28... Be4 $16) 29. Bf4 $18 Ne4 30. Ra6 {[%cal Rf4d6]} Qf5 (30... Rd8 $16) 31. Bxd6 Bb7 32. Rb6 Re6 {With the idea ...Rf6.} 33. Bc7 ({Avoid the trap} 33. Rxb7 $2 Rxd6 34. Rxf7 (34. Rb8+ {gets mated.} Kh7 35. Qxe4 Qxe4 36. Rb7 Qxb7 37. h4 Qe4 38. Kh1 Qxh4+ 39. Kg1 Rd1 40. c5 Qf4 41. g4 Qg3+ 42. Kh1 Rxf1#) 34... Kxf7 $19) 33... Nd2 $2 (33... Re7) 34. Qd8+ {White is clearly winning.} Kh7 {[%csl Gd2][%cal Rf5f1]} 35. Qxd2 Qc5+ 36. Qf2 Qxc7 37. Rxe6 fxe6 38. c5 Bd5 39. c6 e5 40. Qc5 {Accuracy: White = 59%, Black = 43%.} 1-0

[Event "Lozovatsky Memorial-A 2020"]
[Site "Chelyabinsk"]
[Date "2020.01.17"]
[Round "3.3"]
[White "Salemgareev, Tagir"]
[Black "Gutenev, Alexander"]
[Result "1/2-1/2"]
[WhiteElo "2458"]
[BlackElo "2457"]
[Annotator "TA"]
[PlyCount "90"]
[EventDate "2020.01.15"]
[EventType "tourn"]
[EventCountry "RUS"]
[SourceTitle "playchess.com"]
[Source "ChessBase"]
[SourceQuality "1"]

{[%evp 18,90,30,10,16,0,29,14,19,2,9,0,7,0,0,-6,16,-8,0,0,0,0,27,0,24,-11,-13,-26,0,-41,-31,-68,-70,-59,-60,-74,-72,-83,-95,-141,-129,-154,-152,-160,-150,-154,-154,-161,-154,-164,-106,-106,-84,-95,-73,-91,-20,-33,0,0,10,-27,-31,-45,0,0,0,0,0,0,8,7,7,7,8]} 1. d4 Nf6 2. c4 e6 3. Nf3 b6 4. g3 Bb4+ 5. Bd2 c5 6. Bxb4 cxb4 7. Bg2 Bb7 8. O-O O-O 9. a3 bxa3 10. Rxa3 Nc6 {E16: Queen's Indian: 4 g3 Bb7 5 Bg2 Bb4+} (10... a5 11. Nc3 Na6 12. d5 Rc8 13. Ne5 exd5 14. Nxd5 Nxd5 15. Bxd5 Bxd5 16. Qxd5 Rc5 17. Qd6 Qb8 18. Qxb8 Nxb8 19. Nf3 Rxc4 20. Rb3 {½-½ (67) Xu,Y (2527)-Bu,X (2698) Shenzhen 2016}) 11. Nbd2 d6 12. Qb1 $146 ({Predecessor:} 12. e4 Qc7 13. d5 Nb4 14. dxe6 fxe6 15. Nd4 Rfe8 16. Nb5 Qb8 17. Re1 a6 18. Nxd6 Qxd6 {1-0 (56) Friedel,J (2506)-Rosen,E (2307) Middleton 2013}) 12... a5 13. Rc1 e5 14. d5 Nb4 15. Ne1 Nd7 16. Nd3 Qe7 17. Ra4 Nxd3 18. exd3 Nc5 19. Ra3 Na6 20. Re1 (20. d4 $5) 20... Qc7 21. Rc3 Bc8 22. Qd1 Bf5 23. Be4 Bd7 24. Qh5 {[%csl Ge4][%cal Rh5h7] [#]} f5 25. Bg2 Rae8 26. Nf3 Nc5 27. Ng5 {[%csl Gg5][%cal Rh5h7]} h6 28. h4 Re7 {White must now prevent ...Be8.} ({But not} 28... hxg5 $6 29. hxg5 g6 30. Qxg6+ Kh8 31. Qh6+ Kg8 32. Qg6+ Kh8 33. Bf3 $11) 29. Ne6 ({Don't go for} 29. d4 $2 Be8 $19) 29... Bxe6 30. dxe6 Nxe6 31. Bd5 Kh8 32. Bxe6 Rxe6 33. Rb3 f4 (33... Qc6 $19 34. Ra3 Ref6) 34. Qf3 $17 Qd8 35. g4 Rg6 36. Kf1 Qd7 (36... Qxh4 $17 {...Rb8 is the strong threat.} 37. Rxb6 Rxg4 38. Rxd6 Qg5) 37. g5 $1 $11 hxg5 38. hxg5 {Threatens to win with Qh5+.} Rxg5 39. Ke2 {[#]} e4 $1 40. dxe4 Qe6 (40... b5 {seems wilder.} 41. cxb5 Rxb5 42. Rd1 Qe8 43. Rxb5 Qxb5+ 44. Ke1 Kg8) 41. Qh3+ {The position is equal.} Qxh3 42. Rxh3+ Kg8 43. Rb3 Rc8 44. Rxb6 Rxc4 45. Kf3 Rg6 {Accuracy: White = 31%, Black = 45%.} 1/2-1/2

[Event "Lozovatsky Memorial-A 2020"]
[Site "Chelyabinsk"]
[Date "2020.01.17"]
[Round "3.4"]
[White "Badelka, Olga"]
[Black "Korneev, Oleg"]
[Result "1/2-1/2"]
[WhiteElo "2392"]
[BlackElo "2513"]
[Annotator "TA"]
[PlyCount "18"]
[EventDate "2020.01.15"]
[EventType "tourn"]
[EventCountry "RUS"]
[SourceTitle "playchess.com"]
[Source "ChessBase"]
[SourceQuality "1"]

{[%evp 9,18,10,31,32,29,29,39,35,41,29,41]} 1. c4 e5 2. g3 Nc6 3. Bg2 Bc5 4. Nc3 d6 5. e3 a6 6. Nf3 {A25: English Opening vs King's Indian with ...Nc6 but without early d3} Ba7 7. d4 f6 $146 ({Predecessor:} 7... exd4 8. Nxd4 Nge7 9. O-O O-O 10. Nxc6 Nxc6 11. b3 Ne5 12. Bb2 Bg4 13. Ne2 {0-1 (39) Yilmaz,M (2613)-Vallejo Pons,F (2711) Almaty 2016}) 8. O-O Nge7 9. b4 O-O 1/2-1/2

[Event "Lozovatsky Memorial-A 2020"]
[Site "Chelyabinsk"]
[Date "2020.01.17"]
[Round "3.5"]
[White "Kostenko, Petr"]
[Black "Remizov, Yaroslav"]
[Result "1/2-1/2"]
[WhiteElo "2433"]
[BlackElo "2382"]
[Annotator "TA"]
[PlyCount "81"]
[EventDate "2020.01.15"]
[EventType "tourn"]
[EventCountry "RUS"]
[SourceTitle "playchess.com"]
[Source "ChessBase"]
[SourceQuality "1"]

{[%evp 24,81,14,11,8,10,20,20,21,0,0,0,7,0,5,0,0,-9,0,0,0,0,32,30,36,45,233,239,281,278,272,267,297,279,249,199,283,283,275,250,319,315,360,327,524,218,213,233,208,0,0,0,0,0,0,0,0,0,0,0]} 1. e4 c5 2. Nf3 d6 3. d4 cxd4 4. Nxd4 Nf6 5. Nc3 a6 6. Be2 e5 7. Nb3 Be7 8. O-O O-O 9. Be3 Be6 10. Qd2 Nbd7 11. a4 Qc7 12. a5 Rac8 13. Rfc1 h6 {B92: Sicilian Najdorf: 6 Be2} 14. Qd1 (14. f3 Rfd8 15. Nd5 Bxd5 16. exd5 Nc5 17. Ra3 Nxb3 18. Rxb3 Nd7 19. Rc3 Qb8 20. Rxc8 Rxc8 21. Bd3 {1-0 (52) Abdusattorov,N (2608)-Saric,I (2667) Douglas 2019}) 14... Qc6 15. Bf3 Nh7 16. Nd5 Bxd5 17. exd5 Qc7 18. c4 $146 ({Predecessor:} 18. Nd2 f5 19. c4 Bg5 20. Bxg5 Nxg5 21. b4 Nxf3+ 22. Qxf3 {½-½ (51) Tieken,F (2041)-Baban,C ICCF email 2013}) 18... Bg5 19. Bxg5 Nxg5 20. Nd2 Qc5 21. Qc2 f5 22. Qc3 e4 23. b4 Qa7 24. Be2 f4 $2 (24... Nf6 $14) 25. h4 $18 f3 26. hxg5 fxe2 27. c5 $1 (27. Nxe4 Rf4 $11) 27... hxg5 {[%cal Rd6c5]} 28. Nxe4 dxc5 29. bxc5 {Strongly threatening d6.} Nxc5 (29... Qb8 $142) 30. Qd4 {[%cal Rc1c5]} Rf4 31. f3 $1 ({Inferior is} 31. Rxc5 Qxc5 32. Qxc5 Rxc5 $17) 31... g4 32. d6 $1 ({Wrong is} 32. Rxc5 $2 Qxc5 33. Qxc5 Rxc5 $19) 32... gxf3 33. gxf3 Rf5 $2 {[#]} (33... e1=R+ 34. Rxe1 b6) 34. Kg2 (34. d7 $142 $1 {[%mdl 512]} Rd8 (34... Nxd7 35. Rxc8+) 35. Rxc5) 34... b6 35. axb6 Qxb6 {[#]} 36. d7 $2 (36. Rc3 $1 $18) 36... e1=N+ {The position is equal.} 37. Rxe1 Nxd7 38. Qxb6 ({Not} 38. Qxd7 $2 Rc2+ 39. Nd2 Rg5+ 40. Kf1 Rg1+ 41. Ke2 Rg2+ 42. Kd1 Rgxd2+ 43. Qxd2 Rxd2+ 44. Kxd2 Qf2+ 45. Kd3 Qxf3+ 46. Re3 Qh5 $19) 38... Nxb6 39. Rxa6 Nd5 40. Kg3 Rcf8 41. Ra3 {Accuracy: White = 67%, Black = 49%.} 1/2-1/2

[Event "Lozovatsky Memorial-A 2020"]
[Site "Chelyabinsk"]
[Date "2020.01.18"]
[Round "4.1"]
[White "Drygalov, Andrey"]
[Black "Remizov, Yaroslav"]
[Result "1/2-1/2"]
[WhiteElo "2492"]
[BlackElo "2382"]
[Annotator "ChessBase"]
[PlyCount "111"]
[EventDate "2020.01.15"]
[EventType "tourn"]
[EventCountry "RUS"]
[SourceTitle "playchess.com"]
[Source "ChessBase"]
[SourceQuality "1"]
[TimeControl "5400+30"]

1. e4 {[%emt 0:00:16]} c6 {[%emt 0:00:00]} 2. d4 {[%emt 0:00:03]} d5 {[%emt 0:00:00]} 3. exd5 {[%emt 0:00:03]} cxd5 {[%emt 0:00:00]} 4. Bd3 {[%emt 0:00:04]} Nc6 {[%emt 0:00:00]} 5. c3 {[%emt 0:00:05]} Qc7 {[%emt 0:00:07]} 6. h3 {[%emt 0:00:14]} g6 {[%emt 0:15:32]} 7. Nf3 {[%emt 0:00:05]} Nf6 {[%emt 0:06:48]} 8. O-O {[%emt 0:00:10]} Bf5 {[%emt 0:02:13]} 9. Re1 {[%emt 0:00:05]} Bxd3 {[%emt 0:10:57]} 10. Qxd3 {[%emt 0:00:05]} Bg7 {[%emt 0:00:05]} 11. Nbd2 {[%emt 0:11:28]} O-O {[%emt 0:01:36]} 12. Nb3 {[%emt 0:01:18]} Rae8 {[%emt 0:08:02]} 13. Be3 {[%emt 0:08:04]} e6 {[%emt 0:12:51]} 14. Nc5 {[%emt 0:16:10]} Nd7 {[%emt 0:09:48]} 15. Nb3 {[%emt 0:23:22]} Na5 {[%emt 0:02:48]} 16. Nxa5 {[%emt 0:10:24]} Qxa5 {[%emt 0:00:08]} 17. Bf4 {[%emt 0:01:25]} Rc8 {[%emt 0:05:38]} 18. Ne5 {[%emt 0:01:51]} Nxe5 {[%emt 0:01:27]} 19. Bxe5 {[%emt 0:01:20]} Bxe5 {[%emt 0:00:40]} 20. Rxe5 {[%emt 0:00:06]} b5 {[%emt 0:00:21]} 21. a3 {[%emt 0:00:32]} Qa4 {[%emt 0:06:45]} 22. h4 {[%emt 0:02:25]} b4 {[%emt 0:05:13]} 23. cxb4 {[%emt 0:01:18]} Qc2 {[%emt 0:00:06]} 24. Qe2 {[%emt 0:02:46]} Qxe2 {[%emt 0:03:48]} 25. Rxe2 {[%emt 0:00:32]} Rc4 {[%emt 0:00:04]} 26. Rd1 {[%emt 0:00:12]} Rfc8 {[%emt 0:01:26]} 27. Kf1 {[%emt 0:01:08]} Kg7 {[%emt 0:01:36]} 28. g3 {[%emt 0:00:48]} Kf6 {[%emt 0:01:34]} 29. Re3 {[%emt 0:03:58]} Rc2 {[%emt 0:03:20]} 30. Rf3+ {[%emt 0:00:11]} Ke7 {[%emt 0:01:06]} 31. Rb3 {[%emt 0:00:05]} Kd6 {[%emt 0:00:30]} 32. Rdd3 {[%emt 0:07:29]} Rc1+ {[%emt 0:00:48]} 33. Ke2 {[%emt 0:00:07]} R8c2+ {[%emt 0:00:40]} 34. Rd2 {[%emt 0:00:10]} Rc4 {[%emt 0:00:29]} 35. Rf3 {[%emt 0:00:37]} f5 {[%emt 0:00:30]} 36. Rfd3 {[%emt 0:02:34]} Rb1 {[%emt 0:00:29]} 37. Kf3 {[%emt 0:01:37]} h6 {[%emt 0:00:07]} 38. Re2 {[%emt 0:05:14]} g5 {[%emt 0:00:24]} 39. hxg5 {[%emt 0:00:01]} hxg5 {[%emt 0:00:03]} 40. b3 {[%emt 0:00:27]} Rc7 {[%emt 0:01:21]} 41. Rde3 {[%emt 0:00:16]} Re7 {[%emt 0:00:33]} 42. Rc3 {[%emt 0:00:11]} g4+ {[%emt 0:00:20]} 43. Kf4 {[%emt 0:01:37]} Rd1 {[%emt 0:00:09]} 44. Kg5 {[%emt 0:00:23]} Rxd4 {[%emt 0:00:45]} 45. Kf6 {[%emt 0:00:22]} Re8 {[%emt 0:00:33]} 46. b5 {[%emt 0:00:29]} Re4 {[%emt 0:00:44]} 47. Rc6+ {[%emt 0:00:06]} Kd7 {[%emt 0:00:02]} 48. Rec2 {[%emt 0:00:10]} Rf8+ {[%emt 0:00:11]} 49. Kg7 {[%emt 0:00:10]} Rb8 {[%emt 0:00:09]} 50. Rc7+ {[%emt 0:01:46]} Kd6 {[%emt 0:00:02]} 51. Kf6 {[%emt 0:00:08]} Rb6 {[%emt 0:00:45]} 52. Rxa7 {[%emt 0:00:13]} Rxb5 {[%emt 0:00:42]} 53. Ra6+ {[%emt 0:00:46]} Kd7 {[%emt 0:00:04]} 54. Ra7+ {[%emt 0:00:34]} Kd6 {[%emt 0:00:05]} 55. Ra6+ {[%emt 0:00:40]} Kd7 {[%emt 0:00:05]} 56. Ra7+ 1/2-1/2